| 000 | 00000nam##2200000za#4500 |
| 001 | 9.625818 |
| 003 | CaOODSP |
| 005 | 20200327184306 |
| 007 | ta |
| 008 | 150406|2001||||xxc||||| f|0| 0 fre|d |
| 020 | |a0-662-86311-9 |
| 040 | |aCaOODSP|bfre |
| 043 | |an-cn--- |
| 086 | 1 |aH113-9/2001-4F |
| 110 | 1 |aCanada.|bSanté Canada. |bAgence de réglementation de la lutte antiparasitaire. |
| 245 | 10|aÉthylène: Eco Sprout Guard |
| 260 | |aOttawa - Ontario : |bSanté Canada. |c2001. |
| 300 | |a21p. ; |c28 cm. |
| 490 | 1 |aProjet de décision d'homologation |vPRDD 2001-04 |
| 563 | |aCouverture souple |
| 590 | |a01-42|b2001-10-19 |
| 691 | 07|aPomme de terre|2gcpds |
| 691 | 07|aIndustrie agro-alimentaire|2gcpds |
| 775 | 08|tEthylene: Eco Sprout Guard |w(CaOODSP)9.615802 |
| 776 | 0#|tÉthylène - Eco Sprout Guard |w(CaOODSP)9.590966 |
| 830 | #0|aProjet de décision d'homologation ;|vPRDD 2001-04|w(CaOODSP)9.513065 |